000 00459nam a22001937a 4500
003 MPLRDC
005 20220104113958.0
008 210129b ||||| |||| 00| 0 eng d
020 _a957-607-112-7
082 _a855 ZSX
100 _a赵淑侠 等著
245 _a美的感动
_c
250 _a初版
260 _a
_b圆神出版社
_c1993
300 _b
490 _a圆神丛书;131
650 _a散文;随笔、日记
942 _cBK
_o855 ZSX
999 _c3859
_d3849